| 000 | 00826nam a22001937a 4500 | ||
|---|---|---|---|
| 999 |
_c1411 _d1411 |
||
| 003 | AR-CdUCM | ||
| 008 | 190227b ||||| |||| 00| 0 spa d | ||
| 040 |
_aMUNICIPALIDAD PROVINCIAL DEL CUSCO _cBIBLIOTECA MUNICIPAL DEL CUSCO |
||
| 082 |
_a848.8 / _bF84 |
||
| 100 |
_aFromentin, Eugenio _95363 |
||
| 245 |
_aLos maestros de antaño / _cEugenio Fromentin |
||
| 260 |
_aCordoba : _bEl ateneo, _c1942. |
||
| 300 |
_a300 paginas ; _b13 Fotografías. _c21 cm. |
||
| 505 | _aEl museo de bruselas -- Los maestros de Rubens --Rubens en el museo de Bruselas -- El descendimiento de la cruz y la crucifixión -- Origen y caracteres de la escuela Holandesa -- la influencia de Holanda en el paisaje francés ... | ||
| 650 |
_aPintura belga _95364 |
||
| 650 |
_aPintura holandesa _95365 |
||
| 942 |
_2ddc _cLIBROS |
||
| 945 |
_aacv _d2019-02-27 |
||